Teoría de las personas jurídicas

Saved in:
書目詳細資料
主要作者: Ferrara, Francisco (Author)
格式: 圖書
語言:西班牙语
出版: Madrid Reus 1929
叢編:Biblioteca Jurídica de Autores Españoles y Extranjeros, 134
主題:
標簽: 添加標簽
沒有標簽, 成為第一個標記此記錄!

MARC

LEADER 00000nam a2200000 a 4500
001 UCS1281
003 CL-VaPUC
008 970509e19290000SP |||||||||||||||||spa|d
082 0 4 |a 346.06  |b FER  |2 21 
100 0 |a Ferrara, Francisco  |e author  |9 385605 
245 1 0 |a Teoría de las personas jurídicas 
300 |a 1035 p 
942 |c BK 
945 |d 19970509 00:00:00  |a paguirre 
260 |a Madrid  |b Reus  |c 1929 
650 0 |a Derecho civil  |9 255013 
650 7 |a PERSONA  |2 CL-VaPUC  |9 327934 
650 0 |a Personas jurídicas  |9 257259 
650 0 |a Derecho privado  |9 258243 
650 0 |a Teoría del derecho  |9 255982 
583 |a last modification  |c 19970509 00:00:00  |k Rodrigo Vera 
490 0 |a Biblioteca Jurídica de Autores Españoles y Extranjeros, 134 
999 |c 259380  |d 259378 
952 |0 0  |1 0  |4 0  |6 346_060000000000000_FER_1929  |7 0  |8 X  |9 284083  |a BIBDER  |b BIBDER  |d 2019-11-19  |i 1843575  |o 346.06 FER 1929  |p 1843575  |r 2023-01-25  |w 2019-11-19  |y BK_X  |k DER